LEADER 01688oam 2200421Ia 450 001 9910696251503321 005 20071108165219.0 035 $a(CKB)5470000002376306 035 $a(OCoLC)123957902 035 $a(EXLCZ)995470000002376306 100 $a20070503d2007 ua 0 101 0 $aeng 135 $aurmn||||||||| 181 $ctxt$2rdacontent 182 $cc$2rdamedia 183 $acr$2rdacarrier 200 10$aPilot study of sublethal effects on fish of pesticides currently used and proposed for use on Maine blueberries$b[electronic resource] /$fby Adria A. Elskus ; prepared in cooperation with the Maine Department of Environmental Protection 210 1$aReston, Va. :$cU.S. Geological Survey,$d2007. 215 $aiv, 10 pages $cdigital, PDF file 225 1 $aOpen-file report ;$v2007-1110 300 $aTitle from PDF title screen (viewed on May 3, 2007). 320 $aIncludes bibliographical references (pages 9-10). 606 $aFishes$xEffect of pesticides on$zMaine 606 $aBlueberry industry$xEnvironmental aspects$zMaine 606 $aPesticides$xEnvironmental aspects$zMaine 615 0$aFishes$xEffect of pesticides on 615 0$aBlueberry industry$xEnvironmental aspects 615 0$aPesticides$xEnvironmental aspects 700 $aElskus$b Adria A$01413323 712 02$aMaine.$bDepartment of Environmental Protection. 712 02$aGeological Survey (U.S.) 801 0$bGIS 801 1$bGIS 801 2$bGPO 906 $aBOOK 912 $a9910696251503321 996 $aPilot study of sublethal effects on fish of pesticides currently used and proposed for use on Maine blueberries$93509697 997 $aUNINA